Reussir et comprendre

Αποθηκεύτηκε σε:
Λεπτομέρειες βιβλιογραφικής εγγραφής
Κύριος συγγραφέας: Piaget, Jean 1896-1980
Μορφή: Βιβλίο
Γλώσσα:French
Δημοσίευση: Paris : PUF, 1992
Έκδοση:2e ed.
Σειρά:Psychologie d'aujourd'hui
Θέματα:
Ετικέτες: Προσθήκη ετικέτας
Δεν υπάρχουν, Καταχωρήστε ετικέτα πρώτοι!

MARC

LEADER 00000nam a2200000 i 4500
001 1/102791
008 000229s1992 fre d
020 |a 2-13-044851-8 
035 |l 10058222 
040 |a GR-MY-UA  |b gre  |e aacr 
041 0 |a fre 
082 0 |a 155.413028 
100 1 |a Piaget, Jean  |d 1896-1980. 
245 1 0 |a Reussir et comprendre /  |c Jean Piaget ; avec la collaboration de M. Amann ... [et al.] 
250 |a 2e ed. 
260 |a Paris :   |b PUF,   |c 1992 
300 |a 253 p. 
490 1 |a Psychologie d'aujourd'hui 
650 0 0 |a Cognition in children  |x Testing. 
830 0 |a Psychologie d'aujourd'hui 
852 |a INST  |b RHODES  |e 20000229  |h 155.413028 PIA  |p 005400015294  |q 005400015294  |t BK  |y 0 
901 |a BIBL4-2000-1 
909 |a Ρ  |b 064972 
922 |a 4ΕΛΗ  |b 199903  |c ΚΠΣ/154  |d LEADER BOOKS 
970 |a ΚΟΥΛΑΚΙΟΤΗ  |b ΛΙΤΣΑ  |z 2000/02/29